Hung Pacheco: el sustituto

Se comenta el proceso de elección de las Fuerzas Armadas de Honduras, referido a la posibilidad de Hung Pacheco para sustituir al coronel Mario Raúl Pacheco, actual comandante del ejército. De acuerdo con la promoción de oficiales, en relación a la capacidad y a la estabilidad jerárquica, a quien le...

詳細記述

保存先:
書誌詳細
フォーマット: テキスト
主題:
タグ: タグ追加
タグなし, このレコードへの初めてのタグを付けませんか!

MARC

LEADER 00000 a a2200000 04500
001 2068
003
040
245 |a Hung Pacheco:   |b el sustituto  
520 |a Se comenta el proceso de elección de las Fuerzas Armadas de Honduras, referido a la posibilidad de Hung Pacheco para sustituir al coronel Mario Raúl Pacheco, actual comandante del ejército. De acuerdo con la promoción de oficiales, en relación a la capacidad y a la estabilidad jerárquica, a quien le correspondería el mando por antigüedad y por servicios es a Mario Hung Pacheco, sin discusión. Por otra parte, se menciona que el coronel Eddy Constantino Alvarez dejará la jefatura del Estado Mayor de la fuerza aérea, por jubilación, siendo sustituido por Manuel Urbina. A la vez se habla de la reestructuración de la fuerza policíaca, siendo eliminada de la fuerza de seguridad pública para transformarse en policía nacional bajo el régimen civil. JR/ALJ  
650 |a FUERZAS ARMADAS  
650 |a MILITARES  
650 |a PODER POLITICO  
773 |g número 169; páginas 10-13  
999 |c 31969  |d 31969